000 00709nam a2200241Ia 4500
003 OSt
005 20221005092825.0
006 a|||||r|||| 00| 0
007 ta
008 221004b |||||||| |||| 00| 0 eng d
024 _a18077
037 _bGift, 27/05/2015,
_cTextual
040 _aCRL
_cCRL
_beng
041 _2eng
_aeng
082 _aO111,2J64,1:g, K1
100 _aReese M. M.
245 0 _aCease of majsty
_b A study of Shakespeare's history plays
260 _aNew York
_bSt Martin's Press U.S.A
_c1961
300 _aix, 350p.
_ccm.
650 _aENGLISH LITERATURE
942 _hO111,2J64,1:g, K1
_cTEXL
_2cc
999 _c999419
_d999419